Banková únia diplomová práca

Saved in:
Bibliographic Details
Main Author: Kráľovičová, Michaela
Corporate Author: Národohospodárska fakulta EU. Katedra bankovníctva a medzinárodných financií
Other Authors: Horvátová, Eva, 1958-
Format: Book
Language:Slovak
Published: Bratislava 2017
Tags: Add Tag
No Tags, Be the first to tag this record!

MARC

LEADER 00000nbm a2200000 4500
001 0236894
005 20180112120731.2
041 0 |a slo 
044 |a SK 
245 1 0 |a Banková únia  |b diplomová práca  |c Michaela Kráľovičová ; školiteľ: Eva Horvátová 
264 1 |a Bratislava  |c 2017 
300 |a 78 s. 
100 1 |a Kráľovičová, Michaela 
700 1 |a Horvátová, Eva, 1958- 
710 2 |a Národohospodárska fakulta EU. Katedra bankovníctva a medzinárodných financií